<?xml version="1.0" encoding="UTF-8"?>
<record
    xmlns:xsi="http://www.w3.org/2001/XMLSchema-instance"
    xsi:schemaLocation="http://www.loc.gov/MARC21/slim http://www.loc.gov/standards/marcxml/schema/MARC21slim.xsd"
    xmlns="http://www.loc.gov/MARC21/slim">

  <leader>00346nam a2200157Ia 4500</leader>
  <datafield tag="100" ind1=" " ind2=" ">
    <subfield code="a">Roy choudhury D </subfield>
  </datafield>
  <datafield tag="650" ind1=" " ind2=" ">
    <subfield code="a">CIRCUITS</subfield>
  </datafield>
  <datafield tag="250" ind1=" " ind2=" ">
    <subfield code="a">3</subfield>
  </datafield>
  <datafield tag="942" ind1=" " ind2=" ">
    <subfield code="c">BK</subfield>
  </datafield>
  <datafield tag="245" ind1=" " ind2=" ">
    <subfield code="a">Linear Integrated Circuits</subfield>
  </datafield>
  <datafield tag="260" ind1=" " ind2=" ">
    <subfield code="b">New Age International Ltd.</subfield>
    <subfield code="a">Mumbai</subfield>
    <subfield code="c">2007</subfield>
  </datafield>
  <datafield tag="082" ind1=" " ind2=" ">
    <subfield code="a">621.3815/ROY</subfield>
    <subfield code="b">ROY</subfield>
  </datafield>
  <datafield tag="300" ind1=" " ind2=" ">
    <subfield code="a">378</subfield>
  </datafield>
  <datafield tag="546" ind1=" " ind2=" ">
    <subfield code="a">ENGLISH</subfield>
  </datafield>
  <datafield tag="999" ind1=" " ind2=" ">
    <subfield code="c">24947</subfield>
    <subfield code="d">24947</subfield>
  </datafield>
  <datafield tag="952" ind1=" " ind2=" ">
    <subfield code="0">0</subfield>
    <subfield code="1">0</subfield>
    <subfield code="4">0</subfield>
    <subfield code="7">0</subfield>
    <subfield code="8">CRC</subfield>
    <subfield code="a">CRCE</subfield>
    <subfield code="b">428</subfield>
    <subfield code="d">2023-03-17</subfield>
    <subfield code="e">Professional Book House.</subfield>
    <subfield code="g">225.00</subfield>
    <subfield code="i">567 dt 25/03/2008</subfield>
    <subfield code="l">1</subfield>
    <subfield code="o">621.3815/ROY ROY</subfield>
    <subfield code="p">18551</subfield>
    <subfield code="r">2025-05-15</subfield>
    <subfield code="s">2025-05-10</subfield>
    <subfield code="v">225.00</subfield>
    <subfield code="w">0000-00-00</subfield>
    <subfield code="y">BK</subfield>
  </datafield>
</record>
